| 000 | 01398nac a22002891u 4500 | ||
|---|---|---|---|
| 090 | _c6075 | ||
| 008 | 090201t xxu||||| |||| 00| 0 eng d | ||
| 010 | _a 99039994 | ||
| 020 | _a0471353469 (cl. : alk. paper) | ||
| 035 | _a(DLC) 99039994 | ||
| 082 | 0 | 0 |
_a620.0068 _bSIG |
| 100 | _aSigismund, Charles G. | ||
| 245 | 1 | 0 |
_aChampions of Silicon Valley : _bVisionary thinking from today's technology pioneers / _cCharles G. Sigismund. |
| 260 |
_aNew York : _bJohn Wiley, _cc2000. |
||
| 300 |
_aix, 294 p. ; _c24 cm. |
||
| 500 | _aIncludes index. | ||
| 650 | 0 |
_aHigh technology industries _xManagement. |
|
| 650 | 0 |
_aComputer industry _xManagement. |
|
| 650 | 0 |
_aComputer software industry _xManagement. |
|
| 650 | 0 | _aLeadership. | |
| 856 | 4 |
_3Table of Contents _uhttp://www.loc.gov/catdir/toc/onix01/99039994.html |
|
| 856 | 4 |
_3Contributor biographical information _uhttp://www.loc.gov/catdir/enhancements/fy0706/99039994-b.html |
|
| 856 | 4 |
_3Publisher description _uhttp://www.loc.gov/catdir/enhancements/fy0706/99039994-d.html |
|
| 942 |
_cBB _k620.0068SIG _2ddc |
||
| 999 |
_c6075 _d6075 |
||